| 000 | 01709nam a2200325 a 4500 | ||
|---|---|---|---|
| 001 | BRCA_8555 | ||
| 005 | 20190320210329.0 | ||
| 008 | 170816s1673----it-#######---#000-0#lat-# | ||
| 041 | _alat | ||
| 044 | _ait | ||
| 050 | 4 |
_aBV5070 _b.K57 _c1673 |
|
| 100 | 1 |
_aKiselio, Philippo _921435 |
|
| 245 | 1 | 0 |
_aNili mystici ex paradiso voluptatis, verbi divini, septemplici alveo defluentis, et totidem effusionibus pretiosi sanguinis D.N jesu christi sacri auctarium primum, sive annus octavus, concionum in omnes Dominicas & festa per annum, additis doudecim favis, de dulci memoria jesu crucifixi, sive totidem exhortationibus ad sodales christi in cruce agonizantis _cPhilippo Kiselio. |
| 260 |
_aBambergae _bJoannis Arnorldi Choli _c1673 |
||
| 300 |
_a1 vol. (con varias paginaciones) _c21 cm |
||
| 500 | _aFondo antiguo | ||
| 500 | _aSe encuentra en Caja Fuerte | ||
| 500 | _aW-36 | ||
| 500 | _aGrabado en la dedicatoria al revenrendissimo, et pirilvsiri dominio D. Georigio Henrico | ||
| 500 | _aIncluye índice | ||
| 500 | _aIncluye prefacio | ||
| 500 | _aEstado físico: Portada y página de la dedicatoria rotas | ||
| 500 | _aNota de encuadernación: en madera, desgaste en lomo | ||
| 505 | 0 | _aAuctarii nilimystici, sive concionum in omnes dominicas a pentecoste usque ad adventum pars II, III, IV.-- Favus distillans, sive jusu crucifixi in cruce morientis agonia amarissimaq ejus passionis, año 1673.-- Liber vitae pretioso jesucrucifixi sanguine descriptus, año 1674 | |
| 506 | 0 | _aFondo reservado: para su consulta es necesario credencial de usuario y carta de motivos | |
| 650 | 1 | 4 |
_aOrden jesuita _eLiteratura _921436 |
| 650 | 1 | 4 |
_aMisticismo _917692 |
| 902 | _aLAR | ||
| 942 |
_2lcc _cB |
||
| 999 |
_c8218 _d8218 |
||